Faktory ovplyvňujúce nákupné správanie a rozhodovanie spotrebiteľov bakalárska práca

Na minha lista:
Detalhes bibliográficos
Autor principal: Kolisnyková, Iveta
Autor Corporativo: Obchodná fakulta EU. Katedra marketingu
Outros Autores: Folvarčíková, Lucia, 1982-
Formato: Livro
Idioma:eslovaco
Publicado em: Bratislava 2011
Tags: Adicionar Tag
Sem tags, seja o primeiro a adicionar uma tag!

MARC

LEADER 00000nbm a2200000 4500
001 0132021
005 20161109111426.6
041 0 |a slo 
044 |a SK 
245 1 0 |a Faktory ovplyvňujúce nákupné správanie a rozhodovanie spotrebiteľov  |b bakalárska práca  |c Iveta Kolisnyková ; školiteľ: Lucia Folvarčíková 
264 1 |a Bratislava  |c 2011 
300 |a 54 s. 
100 1 |a Kolisnyková, Iveta 
700 1 |a Folvarčíková, Lucia, 1982- 
710 2 |a Obchodná fakulta EU. Katedra marketingu